<?xml version="1.0" encoding="UTF-8"?>
<collection xmlns="http://www.loc.gov/MARC21/slim">
 <record>
  <leader>     na                 </leader>
  <controlfield tag="001">INLIS000000000008144</controlfield>
  <controlfield tag="005">20220307123415</controlfield>
  <datafield tag="035" ind1=" " ind2=" ">
   <subfield code="a">0010-0322000163</subfield>
  </datafield>
  <datafield tag="100" ind1=" " ind2=" ">
   <subfield code="a">Saludin Muis,</subfield>
   <subfield code="e">Pengarang</subfield>
  </datafield>
  <datafield tag="245" ind1="1" ind2=" ">
   <subfield code="a">Simulasi kuantum dan deskripsi pada informasi kuantum /</subfield>
   <subfield code="c">oleh Saludin Muis</subfield>
  </datafield>
  <datafield tag="250" ind1=" " ind2=" ">
   <subfield code="a">Edisi Pertama; Cetakan Pertama ~ 2019</subfield>
  </datafield>
  <datafield tag="264" ind1=" " ind2=" ">
   <subfield code="a">Yogyakarta: :</subfield>
   <subfield code="b">Teknosain,,</subfield>
   <subfield code="c">2019</subfield>
  </datafield>
  <datafield tag="264" ind1=" " ind2=" ">
   <subfield code="a">Hak ciputa Â© 2019 pada penulis</subfield>
  </datafield>
  <datafield tag="300" ind1=" " ind2=" ">
   <subfield code="a">xii, 185 halaman ; 24 cm</subfield>
  </datafield>
  <datafield tag="336" ind1=" " ind2=" ">
   <subfield code="2">rdacontent</subfield>
   <subfield code="a">teks</subfield>
  </datafield>
  <datafield tag="337" ind1=" " ind2=" ">
   <subfield code="2">rdamedia</subfield>
   <subfield code="a">tanpa perantara</subfield>
  </datafield>
  <datafield tag="338" ind1=" " ind2=" ">
   <subfield code="2">rdacarrier</subfield>
   <subfield code="a">volume</subfield>
  </datafield>
  <datafield tag="520" ind1=" " ind2=" ">
   <subfield code="a">Teknologi kuantum bukan hanya menyangkut aspek komputasi dan informasi elektronik, namun di balik itu terdapat aplikasi untuk bidang lain, misalnya teknologi radar yang mampu mendeteksi Ã¶byek siluman&quot;baik pesawat terbang yang berteknologi siluman maupun kapal selam yang senyap suara. Teknologi kuantum tidak hanya mengandung nilai ekonomis besar, tetapi juga aplikasi canggih di bidang peraltan militer, menjadikannya sesuatu yang Ã«ksklusif&quot;bagi ngara-negara maju untuk mengintesifkan penelitian. Hasil aplikasi praktis yang dicapai sejuh ini masih dipelopori oleh negara China dengan keberhasilan meluncurkan satelit kuantum percobaan pertama dan juga telekonferensi jarak jauh pertama antara negara China dan Eropa. Sajian isi buku ini dengan bahan pengantar berupa tinjauan umum kuantum, diikuti bahan pokok berupa simulasi qubit yang berstandar pada kontrol dan bukan unitari. Kemudian diakhiri dengan bahan aplikasi berupa ilustrasi aplikasi pada bidang informasi kuantum. Sumber: sampul belakang buku.</subfield>
  </datafield>
  <datafield tag="850" ind1=" " ind2=" ">
   <subfield code="a">JKPNPNA</subfield>
  </datafield>
  <datafield tag="990" ind1=" " ind2=" ">
   <subfield code="a">201900103125813</subfield>
  </datafield>
  <datafield tag="990" ind1=" " ind2=" ">
   <subfield code="a">201900103125812</subfield>
  </datafield>
  <datafield tag="990" ind1=" " ind2=" ">
   <subfield code="a">201900103125811</subfield>
  </datafield>
  <datafield tag="990" ind1=" " ind2=" ">
   <subfield code="a">201900103125810</subfield>
  </datafield>
  <controlfield tag="006">aa   g |    000 0</controlfield>
  <controlfield tag="007">ta</controlfield>
  <controlfield tag="008">220307                g          0 ind  </controlfield>
  <datafield tag="020" ind1=" " ind2=" ">
   <subfield code="a">978-623-7110-28-6</subfield>
  </datafield>
  <datafield tag="040" ind1=" " ind2=" ">
   <subfield code="a">JKPNPNA</subfield>
   <subfield code="b">ind</subfield>
   <subfield code="e">rda</subfield>
  </datafield>
  <datafield tag="041" ind1=" " ind2=" ">
   <subfield code="a">ind</subfield>
  </datafield>
  <datafield tag="043" ind1=" " ind2=" ">
   <subfield code="a">a-io-yoi</subfield>
  </datafield>
  <datafield tag="082" ind1=" " ind2=" ">
   <subfield code="a">006. 384 3</subfield>
  </datafield>
  <datafield tag="084" ind1=" " ind2=" ">
   <subfield code="a">006. 384 3 SAL s</subfield>
  </datafield>
  <datafield tag="600" ind1=" " ind2="4">
   <subfield code="a">Komputasi kuantum</subfield>
  </datafield>
  <datafield tag="990" ind1=" " ind2=" ">
   <subfield code="a">022.6868</subfield>
  </datafield>
  <datafield tag="990" ind1=" " ind2=" ">
   <subfield code="a">022.6867</subfield>
  </datafield>
  <datafield tag="990" ind1=" " ind2=" ">
   <subfield code="a">022.6866</subfield>
  </datafield>
 </record>
</collection>
